Statistics for Musical Artists: A-Z

Click here to take the quiz!

General Stats

  • This quiz has been taken 47 times
  • The average score is 14 of 26

Answer Stats

Letter Song Singer % Correct
QBohemian RhapsodyQueen
98%
KFireworkKaty Perry
90%
MLike a PrayerMadonna
90%
CMy Heart Will Go OnCeline Dion
86%
DJoleneDolly Parton
83%
GHollaback GirlGwen Stefani
83%
RDiamondsRihanna
81%
FMy WayFrank Sinatra
71%
JAll of MeJohn Legend
69%
AThank U, Next.Ariana Grande
64%
EPerfectEd Sheeran
64%
TFree Fallin'Tom Petty
64%
B24K MagicBruno Mars
64%
OCrazy TrainOzzy Osbourne
57%
UYeah!; My BooUsher
55%
ZPILLOWTALKZayn Malik
55%
SStitchesShawn Mendes
45%
WHigher LoveWhitney Houston
40%
PRockstarPost Malone
36%
HWatermelon SugarHarry Styles
31%
VRiptideVance Joy
31%
XLook at Me!XXXTentacion
26%
NNice To Meet YaNiall Horan
17%
LYou SayLauren Daigle
12%
IAin't Got No HatersIce Cube
7%
YMurder on My MindYNW Melly
7%

Score Distribution

Percentile by Number Answered

Percent of People with Each Score

Your Score History

You have not taken this quiz